<?xml version="1.0" encoding="UTF-8"?><?xml-stylesheet type="text/xsl" href="static/style.xsl"?><OAI-PMH xmlns="http://www.openarchives.org/OAI/2.0/" xmlns:xsi="http://www.w3.org/2001/XMLSchema-instance" xsi:schemaLocation="http://www.openarchives.org/OAI/2.0/ http://www.openarchives.org/OAI/2.0/OAI-PMH.xsd"><responseDate>2026-06-05T18:42:42Z</responseDate><request verb="GetRecord" identifier="oai:docta.ucm.es:20.500.14352/10718" metadataPrefix="marc">https://docta.ucm.es/rest/oai/request</request><GetRecord><record><header><identifier>oai:docta.ucm.es:20.500.14352/10718</identifier><datestamp>2023-09-15T06:41:04Z</datestamp><setSpec>com_20.500.14352_14</setSpec><setSpec>col_20.500.14352_22</setSpec></header><metadata><record xmlns="http://www.loc.gov/MARC21/slim" xmlns:dcterms="http://purl.org/dc/terms/" xmlns:xsi="http://www.w3.org/2001/XMLSchema-instance" xmlns:doc="http://www.lyncode.com/xoai" xsi:schemaLocation="http://www.loc.gov/MARC21/slim http://www.loc.gov/standards/marcxml/schema/MARC21slim.xsd">
   <leader>00925njm 22002777a 4500</leader>
   <datafield ind2=" " ind1=" " tag="042">
      <subfield code="a">dc</subfield>
   </datafield>
   <datafield ind2=" " ind1=" " tag="720">
      <subfield code="a">Vinagre González, Agustina María</subfield>
      <subfield code="e">author</subfield>
   </datafield>
   <datafield ind2=" " ind1=" " tag="260">
      <subfield code="c">2019-12-03</subfield>
   </datafield>
   <datafield ind2=" " ind1=" " tag="520">
      <subfield code="a">En las dos últimas décadas se ha producido la toma de conciencia del problema social y de salud pública que supone la violencia contra la mujer. Esto ha generado un incremento de estudios dirigidos fundamentalmente a la prevención e intervención en el ámbito de violencia contra la mujer en la relación de pareja. Sin embargo, aun teniendo cada vez más en cuenta la importancia de aspectos sociales en la etiología de dicha violencia, no se cuenta con suficientes instrumentos de medida que permitan objetivar la influencia de variables sociales en este problema. Del mismo modo, se describen otras formas de violencia más sutiles o encubiertas hacia las mujeres y se plantea que pueden suponer un factor de riesgo en la victimización de la mujer...</subfield>
   </datafield>
   <datafield ind2=" " ind1=" " tag="520">
      <subfield code="a">In the last two decades there has been an awareness of the social and public health problem that violence against women supposes. This has generated an increase in studies aimed primarily at prevention and intervention in intimate partner violence. However, even considering the importance of social aspects in the etiology of such violence, there are not enough measurement instruments that allow objectifying the influence of social variables in this problem. In the same way, other more subtle or covert forms of violence towards women are described and it is suggested that they can be a risk factor in the victimization of women...</subfield>
   </datafield>
   <datafield ind1="8" ind2=" " tag="024">
      <subfield code="a">https://hdl.handle.net/20.500.14352/10718</subfield>
   </datafield>
   <datafield ind2="0" ind1="0" tag="245">
      <subfield code="a">Violencia social encubierta hacia la mujer y su repercusión en la salud</subfield>
   </datafield>
</record></metadata></record></GetRecord></OAI-PMH>